00532 2200181 4500001002100000005001500021008004100036020001800077035001900095041000700114082001000121090001600131100001600147245012700163260003100290300001800321650001100339INLIS00000000001400320241224114649241224||||||||| | ||| |||| || |  a979-3625-04-X 0010-1224014003 aid0 a394.4 a394.4 JAN p0 aM.Jani Ladi00aPROGRAM KO - KURIKULER LATIHAN KESEGARAN JASMANI,BARIS BERBARIS,TATA CARA UPACRA SIPIL,DAN CERAMAH TENTANG KSEHATAN MENTAL aJakartabLAN (PKP2A)c2009 a73hlm;15X21cm 0aFolkor